| 000 | 00419nam a22001577a 4500 | ||
|---|---|---|---|
| 003 | SGT | ||
| 020 | _a9789350356081 | ||
| 082 | _a346.016,KUM | ||
| 100 | _aKUMAR, NARENDER | ||
| 245 | _aLAW FOR COMMON MAN SERIES KEY TO MARRIAGE,DIVORCE & MAINTENANCE PRACTICE & PROCEDURES | ||
| 250 | _a2ND | ||
| 260 |
_aNEW DELHI _bUNIVERSAL _c2015 |
||
| 300 | _a178 | ||
| 650 | _aMARRIAGE DIVRCE & MAINTEANCE | ||
| 942 |
_2ddc _cBK _01 |
||
| 999 |
_c10559 _d10559 |
||